000 00572nam a2200181Ia 4500
008 100920s9999 xx 000 0 und d
082 _b59007
_a891.463.1 थ 89
100 _aअनु.पंडित राम.
245 _aतरजुमा --2.
260 _bकर्वे प्रभाकर त्र्यंबक ,मुंबई.
_c1989
300 _a136
_bसाधी
365 _b25
520 _aलघुकथा.
630 _aतरजुमा --2.
650 _aलघुकथा.
730 _aतरजुमा --2.
942 _cBOOK
999 _c702499
_d702496